Simulačně orientované nástroje Business Intelligence: průzkum v praxi

Smerovanie k digitálnej informačnej ekonomike. Pojem business intelligence. Business dynamics. Manažérsky simulátor. Ilustrácia manažérskeho simulátora.

Gespeichert in:
Bibliographische Detailangaben
1. Verfasser: Mildeová, Stanislava
Weitere Verfasser: Dalihod, Martin
Format: Buchkapitel
Sprache:Tschechisch
Schlagworte:
Tags: Tag hinzufügen
Keine Tags, Fügen Sie das erste Tag hinzu!

MARC

LEADER 00000naa a2200000 4500
001 0256055
005 20220713131309.0
041 0 |a cze 
044 |a CZ 
245 1 0 |a Simulačně orientované nástroje Business Intelligence: průzkum v praxi  |c Stanislava Mildeová, Martin Dalihod 
520 |a Smerovanie k digitálnej informačnej ekonomike. Pojem business intelligence. Business dynamics. Manažérsky simulátor. Ilustrácia manažérskeho simulátora. 
610 2 0 |a simulácia 
610 2 0 |a technológie informačné 
610 2 0 |a technológie komunikačné 
610 2 0 |a technológie nové 
610 2 0 |a technológie znalostné 
610 2 0 |a business intelligence 
610 2 0 |a riadenie projektové 
610 2 0 |a spoločnosť informačná 
100 1 |a Mildeová, Stanislava 
700 1 |a Dalihod, Martin